[Event "Melbourne Cup"]
[Site "Melbourne"]
[Date "2010.11.01"]
[Round "6"]
[White "Wildes, John"]
[Black "Simutanyi, Kozo"]
[Result "0-1"]
[WhiteElo "1711"]
[BlackElo "1810"]
[PlyCount "64"]
[EventDate "2010.10.29"]
[EventType "swiss"]
[EventRounds "9"]
[EventCountry "AUS"]
[SourceTitle "EXT 2012"]
[Source "ChessBase"]
[SourceDate "2011.11.24"]
[SourceVersion "1"]
[SourceVersionDate "2011.11.24"]
[SourceQuality "1"]

1. d4 e6 2. c4 f5 3. Nf3 Nf6 4. Nc3 Be7 5. Bf4 0-0 6. e3 d6 7. Be2 b6 8. 0-0 Bb7 9. a3 Ne4 10. Nxe4 Bxe4 11. h3 Nd7 12. b4 Bf6 13. Qd2 Qe8 14. Rfd1 e5 15. Bh2 Rd8 16. Ra2 Qg6 17. a4 f4 18. exf4 exd4 19. g4 c5 20. a5 Qh6 21. Kg2 g5 22. Re1 cxb4 23. Qxb4 gxf4 24. Bd1 Bb7 25. axb6 Ne5 26. Ra3 d3 27. Rxe5 dxe5 28. Rxa7 Bxf3+ 29. Bxf3 d2 30. Qb3 e4 31. c5+ Kh8 32. Bd1 f3+ 0-1